000 00211nam a22000977a 4500
082 _a398.2
_bARS
100 _aArshad,Dr.Tahira
245 _aAladdin and the magic lamp
563 _aPB
942 _2ddc
_cBK
999 _c614886
_d614886